| 000 | 00792nam a22002531 4500 | ||
|---|---|---|---|
| 001 | 11167 | ||
| 003 | BD-RjUL | ||
| 005 | 20211208235100.0 | ||
| 008 | 140126s1921 enkab b 001 0 eng c | ||
| 035 | _a(BD-RjUL)11216 | ||
| 040 |
_aU.S. Geol. Survey Libr./ICU _cICU _dDLC _beng |
||
| 041 | _aeng | ||
| 082 |
_a551.22 _bDAM 1921 |
||
| 100 | 1 |
_aDavison, Charles, _d1858-1940. _934004 |
|
| 245 | 1 | 2 |
_aA manual of seismology / _cCharles Davison, Sc. D. |
| 260 |
_aCambridge [Eng.] : _bThe University press, _c1921. |
||
| 300 |
_axi, [1] 256 p. _billus. (incl. maps) diagrs. (1 fold.) _c22 cm. |
||
| 504 | _aBibliographical foot-notes. | ||
| 650 | 0 |
_aSeismology. _932555 |
|
| 942 |
_2ddc _cBK |
||
| 999 |
_c11167 _d11167 |
||